01271nam a2200169 a 450000100100000000500170001000800410002704000250006808200150009310000260010824500600013426000420019430000280023650000320026450507730029665000320106900001692920200929165002.0100312s1986 dr a 000 0 spa d aDO-SdBNPbspacBNPHU a570bG633i1 aGómez, J. Desiderio10aIntroducción a la biología /cJ. Desiderio Gómez. aSanto Domingo :bAlfa & Omega,c1986. a294 p. :bil. ;c28 cm. aIncluye índice alfabetico2 aOrigen y organización de la vida -- La naturaleza -- Bases químicas de la vida -- Biología celular -- Energía biológica -- Metabolismo -- Fotosíntesis -- Respiración -- Nutrición heterotrofa -- Continuidad de los organismos vivos -- Reproducción -- Desarrollo embrionario -- Los tejidos -- Biología de los organismos superiores -- La estructura orgánica -- Sistema respiratorio -- Sistema nervioso -- Sistema reproductor -- Sistema digestivo -- Sistema esquelético -- Sistema protector -- Sistema muscular -- Sistema excretor -- Sistema circulatorio -- Biología de los vegetales -- La herencia -- Evolución -- Los organismos vivos y su ambiente -- Ecología general -- Ecología dominicana -- Recursos naturales de República Dominicana. 4aBiologíaxLibros de texto